Statistics for NCAA Women's Gymnastics Team Champions

Click here to take the quiz!

General Stats

  • This quiz has been taken 5 times
  • The average score is 6 of 8

Answer Stats

Total # of winsMost recent titleAnswer% Correct
32015Florida
100%
72018UCLA
100%
62012Alabama
80%
12024LSU
80%
12021Michigan
80%
62023Oklahoma
80%
91995Utah
80%
102009Georgia
40%

Score Distribution

Percentile by Number Answered

Percent of People with Each Score

Your Score History

You have not taken this quiz